<?xml version="1.0" encoding="UTF-8"?>
<collection xmlns="http://www.loc.gov/MARC21/slim">
 <record>
  <leader>     na                 </leader>
  <controlfield tag="001">INLIS000000000854383</controlfield>
  <controlfield tag="005">20200220022034</controlfield>
  <datafield tag="035" ind1=" " ind2=" ">
   <subfield code="a">0010-0220000553</subfield>
  </datafield>
  <controlfield tag="007">ta</controlfield>
  <controlfield tag="008">200220s2019    yoia   d f        0 ind d</controlfield>
  <datafield tag="020" ind1=" " ind2=" ">
   <subfield code="a">978-602-5753-43-5</subfield>
  </datafield>
  <datafield tag="040" ind1=" " ind2=" ">
   <subfield code="a">YOPDYOG</subfield>
   <subfield code="b">ind</subfield>
   <subfield code="e">rda</subfield>
  </datafield>
  <datafield tag="082" ind1="0" ind2="4">
   <subfield code="2">23</subfield>
   <subfield code="a">373.23076</subfield>
  </datafield>
  <datafield tag="084" ind1=" " ind2=" ">
   <subfield code="a">373.23076 BES</subfield>
  </datafield>
  <datafield tag="090" ind1=" " ind2=" ">
   <subfield code="a">DEP 373.23076 BES</subfield>
  </datafield>
  <datafield tag="090" ind1=" " ind2=" ">
   <subfield code="a">CB-D.11 2019-2013</subfield>
  </datafield>
  <datafield tag="245" ind1="0" ind2="4">
   <subfield code="a">The best choice! : siaga menjelang UNBK SMA/MA IPA 2020 /</subfield>
   <subfield code="c">penyusun, Forum Genius Plus, Eka Zuliati, Indarti Puji Astuti, Adi Prasetia, Samuel Hartono, Rian Bahar Rahmadi, Nuryanti; penyunting, Rian</subfield>
  </datafield>
  <datafield tag="250" ind1=" " ind2=" ">
   <subfield code="a">Cetakan pertama, 2019</subfield>
  </datafield>
  <datafield tag="300" ind1=" " ind2=" ">
   <subfield code="a">xvi, 471 halaman :</subfield>
   <subfield code="b">ilustrasi, tabel, grafik ;</subfield>
   <subfield code="c">28 cm</subfield>
  </datafield>
  <datafield tag="650" ind1=" " ind2="4">
   <subfield code="a">Sekolah Lanjutan Atas--</subfield>
   <subfield code="v">Ujian, soal, dsb.</subfield>
  </datafield>
  <datafield tag="700" ind1="0" ind2=" ">
   <subfield code="a">Eka Zuliati</subfield>
   <subfield code="e">Pengarang</subfield>
   <subfield code="g">Kontributor Bahasa Indonesia</subfield>
  </datafield>
  <datafield tag="700" ind1="0" ind2=" ">
   <subfield code="a">Indarti Puji Astuti</subfield>
   <subfield code="e">Pengarang</subfield>
   <subfield code="g">Kontributor Bahasa Inggris</subfield>
  </datafield>
  <datafield tag="700" ind1="0" ind2=" ">
   <subfield code="a">Adi Prasetia</subfield>
   <subfield code="e">Pengarang</subfield>
   <subfield code="g">Kontributor Matematika</subfield>
  </datafield>
  <datafield tag="700" ind1="0" ind2=" ">
   <subfield code="a">Samuel Hartono</subfield>
   <subfield code="e">Pengarang</subfield>
   <subfield code="g">Kontributor Fisika</subfield>
  </datafield>
  <datafield tag="700" ind1="0" ind2=" ">
   <subfield code="a">Rian Bahar Rahmadi</subfield>
   <subfield code="d">1993-</subfield>
   <subfield code="e">Pengarang</subfield>
   <subfield code="g">Kontributor Kimia</subfield>
  </datafield>
  <datafield tag="700" ind1="0" ind2=" ">
   <subfield code="a">Nuryanti</subfield>
   <subfield code="e">Pengarang</subfield>
   <subfield code="g">Kontributor Biologi</subfield>
  </datafield>
  <datafield tag="700" ind1="0" ind2=" ">
   <subfield code="a">Rian</subfield>
   <subfield code="e">Penyunting</subfield>
  </datafield>
  <datafield tag="850" ind1=" " ind2=" ">
   <subfield code="a">YOPDYOG</subfield>
  </datafield>
  <datafield tag="710" ind1=" " ind2=" ">
   <subfield code="a">Forum Genius Plus</subfield>
   <subfield code="e">Badan Penanggungjawab</subfield>
   <subfield code="f">2019</subfield>
  </datafield>
  <datafield tag="264" ind1="3" ind2="1">
   <subfield code="a">Yogyakarta :</subfield>
   <subfield code="b">Cakrawala Sketsa Mandiri,</subfield>
   <subfield code="c">2019</subfield>
  </datafield>
  <datafield tag="336" ind1=" " ind2=" ">
   <subfield code="2">rdacontent</subfield>
   <subfield code="a">teks</subfield>
  </datafield>
  <datafield tag="337" ind1=" " ind2=" ">
   <subfield code="2">rdamedia</subfield>
   <subfield code="a">tanpa perantara</subfield>
  </datafield>
  <datafield tag="338" ind1=" " ind2=" ">
   <subfield code="2">rdacarrier</subfield>
   <subfield code="a">volume</subfield>
  </datafield>
  <datafield tag="999" ind1=" " ind2=" ">
   <subfield code="a">CB-D.11/2019-2013</subfield>
  </datafield>
  <datafield tag="990" ind1=" " ind2=" ">
   <subfield code="a">CB-D.11/2019-2013</subfield>
  </datafield>
 </record>
</collection>
